000 00341nam a22001457a 4500
003 SGT
020 _a9789386456663
082 _a345.06
_bSIN
100 _aSINGH ,AVTAR
245 _aPRINCIPLES OF THE LAW OF EVIDENCE
250 _a23
260 _aALLAHABAD
_bCENTRAL LAW PUBLICATION
_c2018
300 _aLXXII , 624
942 _2ddc
_cBK
_044
999 _c19780
_d19780